Acta Sesión Ordinaria 19 de junio del 2012. Selección de Maestros Meritorios (Record no. 9121)

MARC details
000 -LEADER
campo de control de longitud fija 00472nam a2200145Ia 4500
001 - NÚMERO DE CONTROL
campo de control 2809
008 - DATOS DE LONGITUD FIJA--INFORMACIÓN GENERAL
campo de control de longitud fija 241024s9999 xx 000 0 und d
082 ## - NÚMERO DE LA CLASIFICACIÓN DECIMAL DEWEY
Número de clasificación RD/370.97293/R426a/2/2012
100 ## - ENTRADA PRINCIPAL--NOMBRE DE PERSONA
Nombre de persona República Dominicana. Ministerio de Educación. Consejo Nacional de Educación
245 #0 - MENCIÓN DEL TÍTULO
Título Acta Sesión Ordinaria 19 de junio del 2012. Selección de Maestros Meritorios
260 ## - PUBLICACIÓN, DISTRIBUCIÓN, ETC.
Nombre del editor, distribuidor, etc. Santo Domingo
Fecha de publicación, distribución, etc. 2012
590 ## - NOTA LOCAL (RLIN)
Nota local si
901 ## - ELEMENTOS DE DATOS A LOCAL LDA (RLIN)
a 25/2/2013 12:27:46 p.m.

No items available.

© 2024. Todos los Derechos Reservados. Desarrollado por IDEICE